Esteban and Gonzales' textbook of histology / (Record no. 99856)

MARC details
000 -LEADER
fixed length control field 00721nam a22002417a 4500
003 - CONTROL NUMBER IDENTIFIER
control field URS
005 - DATE AND TIME OF LATEST TRANSACTION
control field 20260415165552.0
008 - FIXED-LENGTH DATA ELEMENTS--GENERAL INFORMATION
fixed length control field 260405b |||||||| |||| 00| 0 eng d
020 ## - INTERNATIONAL STANDARD BOOK NUMBER
International Standard Book Number 978-9-71981-816-8
040 ## - CATALOGING SOURCE
Transcribing agency URS
Language of cataloging English
Description conventions rda
050 00 - LIBRARY OF CONGRESS CALL NUMBER
Classification number QM551
Item number .G5891 2022
082 00 - DEWEY DECIMAL CLASSIFICATION NUMBER
Classification number 611.018
100 ## - MAIN ENTRY--PERSONAL NAME
Personal name Gonzales, Eduardo G.,
Relator term author.
245 10 - TITLE STATEMENT
Title Esteban and Gonzales' textbook of histology /
Statement of responsibility, etc. Eduardo G. Gonzales.
250 ## - EDITION STATEMENT
Edition statement 6th edition.
264 ## - PRODUCTION, PUBLICATION, DISTRIBUTION, MANUFACTURE, AND COPYRIGHT NOTICE
Place of production, publication, distribution, manufacture Quezon City :
Name of producer, publisher, distributor, manufacturer C&E Publishing,
Date of production, publication, distribution, manufacture, or copyright notice ©2022.
300 ## - PHYSICAL DESCRIPTION
Extent xi, 552 pages :
Other physical details illustrations ;
Dimensions 26 cm.
336 ## - CONTENT TYPE
Content type term text
Content type code txt
Source rdacontent
337 ## - MEDIA TYPE
Media type term unmediated
Media type code n
Source rdamedia
338 ## - CARRIER TYPE
Carrier type term volume
Carrier type code nc
Source rdacarrier
650 #0 - SUBJECT ADDED ENTRY--TOPICAL TERM
Topical term or geographic name entry element Histology.
942 ## - ADDED ENTRY ELEMENTS (KOHA)
Source of classification or shelving scheme Library of Congress Classification
Koha item type Filipiniana

No items available.

University of Rizal System
Email us at univlibservices@urs.edu.ph

Visit our Website www.urs.edu.ph/library